UK Housing review 2005/2006 (Record no. 104849)

MARC details
000 -LEADER
fixed length control field 01495cam a2200289 4500
001 - CONTROL NUMBER
control field ##L131814
008 - FIXED-LENGTH DATA ELEMENTS--GENERAL INFORMATION
fixed length control field 051209n2005 000 0 eng u
020 ## - INTERNATIONAL STANDARD BOOK NUMBER
International Standard Book Number 1903208998
035 ## - SYSTEM CONTROL NUMBER
System control number (Sirsi) u131814
041 0# - LANGUAGE CODE
Language code of text/sound track or separate title eng
050 04 - LIBRARY OF CONGRESS CALL NUMBER
Classification number 306.3 $2 18
100 1# - MAIN ENTRY--PERSONAL NAME
Personal name Wilcox, Steve
245 00 - TITLE STATEMENT
Title UK Housing review 2005/2006
250 ## - EDITION STATEMENT
Edition statement 14th ed.
260 ## - PUBLICATION, DISTRIBUTION, ETC.
Place of publication, distribution, etc. Coventry
Name of publisher, distributor, etc. CIH
Date of publication, distribution, etc. 2005
300 ## - PHYSICAL DESCRIPTION
Extent 231p.
Dimensions 21cm.
350 ## - PRICE (NR) (BK AM CF MU VM SE) [OBSOLETE]
Price 40
520 ## - SUMMARY, ETC.
Summary, etc. Brings together a compendium of over 200 charts and tables of the latest available housing statistics for England and its regions, Wales, Scotland and Northern Ireland covering housing, the economy and public expenditure, dwellings, stock condition and households, private housing, housing expenditure plans, housing needs, homelessness and lettings and help with housing costs. Provides a detailed commentary on the above housing themes and four essays written by experts on contemporary issues: "The end of council housing - a premature obituary" by John Perry; "Social landlords get tough? - investigating recent eviction trends in England" by Hal Pawso; "More apparent than real?: the decline of bricks and mortar subsidies" by Steve Wilcox; "Making planning pay?" by Sarah Monk
590 ## - LOCAL NOTE (RLIN)
Local note IKA030106
690 ## - LOCAL SUBJECT ADDED ENTRY--TOPICAL TERM (OCLC, RLIN)
Topical term or geographic name as entry element Residential property
9 (RLIN) 6266
700 1# - ADDED ENTRY--PERSONAL NAME
Personal name Pawson, Hal
700 1# - ADDED ENTRY--PERSONAL NAME
Personal name Perry, John
700 1# - ADDED ENTRY--PERSONAL NAME
Personal name Monk, Sarah
710 2# - ADDED ENTRY--CORPORATE NAME
Corporate name or jurisdiction name as entry element Council of Mortgage Lenders
9 (RLIN) 5903
710 2# - ADDED ENTRY--CORPORATE NAME
Corporate name or jurisdiction name as entry element Chartered Institute of Housing
9 (RLIN) 2394
942 ## - ADDED ENTRY ELEMENTS (KOHA)
Suppress in OPAC 0
Holdings
Withdrawn status Lost status Source of classification or shelving scheme Damaged status Not for loan Home library Current library Shelving location Date acquired Cost, normal purchase price Total Checkouts Full call number Barcode Date last seen Date last checked out Copy number Cost, replacement price Price effective from Koha item type
    Dewey Decimal Classification     London London Folio 23/12/2005 40.00 6 F306.3 WIL 30071474 06/08/2019 28/02/2007 1 40.00 06/08/2019 Book